| 000 | 00620nam a22002057a 4500 | ||
|---|---|---|---|
| 003 | 0 | ||
| 005 | 20250822112537.0 | ||
| 008 | 250822b xxu||||| |||| 00| 0 eng d | ||
| 020 | _a978-1-912859-05-4 | ||
| 050 |
_aBF 121 _b.F67 2023 |
||
| 100 |
_aFoster, Bethany, _eauthor. |
||
| 245 |
_aElements of psychology / _cBethany Foster. |
||
| 250 | _a1st ed. | ||
| 260 |
_aLondon, UK : _bVintage Press Ltd, _c2023. |
||
| 300 |
_axi, 320 pages : _bcolored illustrations ; _c24 cm. |
||
| 504 | _aIncludes bibliographical references and index. | ||
| 650 | _aPsychology. | ||
| 650 |
_aPsychology _xTextbooks. |
||
| 942 |
_2lcc _cBK |
||
| 999 |
_c367568 _d367568 |
||